[Event "World Rapid 2019"]
[Site "Moscow RUS"]
[Date "2019.12.26"]
[Round "5.46"]
[White "Rychagov, Andrey"]
[Black "Tomashevsky, Evgeny"]
[Result "0-1"]
[WhiteTitle "GM"]
[BlackTitle "GM"]
[WhiteElo "2545"]
[BlackElo "2705"]
[WhiteFideId "4119932"]
[BlackFideId "4147235"]
[EventDate "2019.12.26"]
[EventType "rapid"]

1. d4 Nf6 2. c4 e6 3. Nf3 d5 4. e3 Be7 5. Bd3 O-O 6. O-O c5 7. dxc5 Na6 8. Nc3
Nxc5 9. Be2 dxc4 10. Bxc4 b6 11. Qe2 Bb7 12. Rd1 Qc7 13. Nb5 Qb8 14. b4 a6 15.
bxc5 axb5 16. Bxb5 bxc5 17. a4 Ng4 18. h3 Bxf3 19. Qxf3 Qh2+ 20. Kf1 Qe5 21. Qe2
Qxa1 22. Bb2 Qa2 23. Ra1 Nxe3+ 24. fxe3 Qd5 25. Qg4 Qg5 26. Qxg5 Bxg5 27. Ke2
Rfd8 28. Bc3 Bf6 29. Bxf6 gxf6 30. a5 Rdb8 31. Bc4 Kf8 32. a6 Ke7 33. Kd3 f5 34.
Kc3 Ra7 35. Be2 Rb4 36. Bf3 Kd6 37. Ra5 Rb1 38. Kc2 Rb6 39. Be2 Rb4 40. Bf3 f4
41. exf4 Rxf4 42. Kc3 Rb4 43. Kc2 h6 44. Kc3 Rf4 45. Kc2 Rb4 46. Kc3 f5 47. Kc2
e5 48. Kc3 e4 49. Be2 Rb8 50. Bc4 Rg7 51. Ra2 Rg3+ 0-1

[Event "World Rapid 2019"]
[Site "Moscow RUS"]
[Date "2019.12.26"]
[Round "5.47"]
[White "Rozum, Ivan"]
[Black "Inarkiev, Ernesto"]
[Result "1/2-1/2"]
[WhiteTitle "GM"]
[BlackTitle "GM"]
[WhiteElo "2573"]
[BlackElo "2663"]
[WhiteFideId "24104272"]
[BlackFideId "4162722"]
[EventDate "2019.12.26"]
[EventType "rapid"]

1. d4 d5 2. c4 e6 3. Nf3 dxc4 4. e3 c5 5. Bxc4 Nf6 6. O-O a6 7. Bb3 b5 8. a4 Bb7
9. axb5 axb5 10. Rxa8 Bxa8 11. Na3 c4 12. Bc2 Bxa3 13. bxa3 O-O 14. Qe2 Qd5 15.
Bb2 Rc8 16. Rb1 Nbd7 17. Ne1 e5 18. Nf3 e4 19. Ne5 c3 20. Bc1 Nxe5 21. dxe5 Qxe5
22. Rxb5 Qd6 23. Rb4 Bd5 24. Qd1 Qe6 25. Qd4 Nd7 26. Bxe4 Bxe4 27. Qxe4 Qxe4 28.
Rxe4 f5 29. Rd4 Nc5 30. Rc4 Rd8 31. Kf1 Rd1+ 32. Ke2 Rxc1 33. Rxc5 Rc2+ 34. Kf3
g6 35. Rc7 Rc1 36. h3 h6 37. g4 fxg4+ 38. hxg4 c2 39. a4 Ra1 40. Rxc2 Rxa4 41.
Rc7 g5 42. Rd7 Rb4 43. Rd4 Rb2 44. Rd7 Rb4 45. Kg3 Rb3 46. Re7 Kf8 47. Rh7 Rb6
48. f4 Kg8 49. Rd7 gxf4+ 50. Kxf4 Rf6+ 51. Ke5 Rg6 52. Kf5 Rg5+ 53. Kf4 Ra5 54.
e4 Ra1 55. Kf5 Kf8 56. Rh7 Rf1+ 57. Ke5 Rg1 58. Kf5 Rf1+ 59. Ke6 Rf4 60. e5 Rxg4
61. Rxh6 Ra4 62. Rh8+ Kg7 63. Rd8 Re4 64. Rd7+ Kf8 65. Rf7+ Ke8 66. Ra7 Kf8 67.
Ra8+ Kg7 68. Kd6 Kf7 69. Ra7+ Ke8 70. Ke6 Kf8 71. Rf7+ Ke8 72. Rh7 Kf8 73. Rh8+
Kg7 74. Re8 Ra4 75. Rc8 Re4 76. Rc7+ Kf8 77. Rb7 Re1 78. Rb5 Re2 79. Rb3 Re1 80.
Rf3+ Ke8 81. Rh3 Kf8 82. Rh7 Re2 83. Rd7 Re1 84. Rd8+ Kg7 85. Rd5 Kf8 86. Rd8+
Kg7 87. Re8 Ra1 88. Re7+ Kf8 89. Rf7+ Ke8 90. Re7+ Kf8 91. Rc7 Ra6+ 92. Kf5 Ke8
93. e6 Ra1 1/2-1/2

[Event "World Rapid 2019"]
[Site "Moscow RUS"]
[Date "2019.12.26"]
[Round "5.48"]
[White "Gelfand, Boris"]
[Black "Glek, Igor"]
[Result "1-0"]
[WhiteTitle "GM"]
[BlackTitle "GM"]
[WhiteElo "2684"]
[BlackElo "2467"]
[WhiteFideId "2805677"]
[BlackFideId "4100484"]
[EventDate "2019.12.26"]
[EventType "rapid"]

1. d4 d5 2. c4 e6 3. Nf3 c5 4. cxd5 exd5 5. g3 Nc6 6. Bg2 Nf6 7. O-O h6 8. Nc3
Be6 9. b3 Rc8 10. Bb2 a6 11. Rc1 Nxd4 12. Nxd4 cxd4 13. Qxd4 Bc5 14. Qd3 O-O 15.
Na4 Be7 16. Rxc8 Qxc8 17. Nb6 Qc6 18. Bxf6 Bxf6 19. Nxd5 Bxd5 20. Bxd5 Qc7 21.
a4 a5 22. Qc4 Qxc4 23. bxc4 b6 24. Kg2 Re8 25. e4 Bd4 26. Rd1 Bc5 27. Bc6 Rc8
28. Bb7 Rc7 29. Rd8+ Kh7 30. Bd5 g6 31. e5 Kg7 32. f4 Re7 33. Kf3 h5 34. Rc8 Bd4
35. Rc6 Bc5 36. Ke4 Bg1 37. h3 Bf2 38. g4 hxg4 39. hxg4 Bg3 40. Kf3 Bh2 41. Rxb6
g5 42. fxg5 Bxe5 43. c5 Bd4 44. Rb5 Re3+ 45. Kf4 Rc3 46. c6 Be3+ 47. Kf5 Rc2 48.
Rb7 Rf2+ 49. Ke4 Bxg5 50. Rxf7+ Rxf7 51. Bxf7 Bd8 52. Bb3 Kf6 53. Kd5 Bc7 54.
g5+ 1-0

[Event "World Rapid 2019"]
[Site "Moscow RUS"]
[Date "2019.12.26"]
[Round "5.49"]
[White "Triapishko, Alexandr"]
[Black "Chigaev, Maksim"]
[Result "0-1"]
[WhiteTitle "IM"]
[BlackTitle "GM"]
[WhiteElo "2502"]
[BlackElo "2631"]
[WhiteFideId "14122286"]
[BlackFideId "4108116"]
[EventDate "2019.12.26"]
[EventType "rapid"]

1. Nf3 Nf6 2. g3 g6 3. b3 b6 4. Bb2 Bg7 5. Bg2 Bb7 6. O-O c5 7. c4 O-O 8. Nc3 d6
9. Rc1 Nbd7 10. e3 a6 11. a4 Rc8 12. Qe2 e6 13. Rfd1 Re8 14. d4 cxd4 15. exd4
Qc7 16. Ba3 Qb8 17. h3 h6 18. Qe3 d5 19. Ne5 dxc4 20. Bxb7 Qxb7 21. Nxc4 Qa8 22.
Nd6 Rcd8 23. Nxe8 Rxe8 24. Bd6 Nh7 25. h4 Nhf6 26. Qe2 h5 27. Bf4 Kh7 28. Bg5
Qb7 29. Bxf6 Nxf6 30. f3 Rd8 31. Ne4 Nd5 32. Kh2 Kg8 33. Ng5 Bh6 34. Qe5 Qd7 35.
Rc2 Re8 36. Ne4 Bg7 37. Qd6 Qb7 38. Qc6 Qb8 39. Qd6 Ne3 40. Rcd2 Nxd1 41. Rxd1
Qb7 42. Qf4 Rc8 43. Rd2 Qd5 44. Nd6 Rf8 45. b4 Qb3 46. b5 Qxa4 47. bxa6 Qxa6 48.
Ne4 Qa5 49. Ng5 Qd5 50. Ne4 b5 51. Qd6 Qxd6 52. Nxd6 b4 53. Nb7 Rb8 54. Nc5 Bf8
55. Rb2 Rb5 56. Rb3 Be7 57. f4 Kf8 58. Ne4 Rd5 59. Rd3 Ra5 60. Nd2 Ra3 61. Nb3
Ke8 62. Kg2 Kd7 63. Kf3 Kc6 64. Ke4 Bd6 65. Nd2 f5+ 66. Ke3 Kd5 67. Nb3 Bc7 68.
Ke2 Bb6 69. Ke3 Ra2 70. Nd2 Rc2 71. Nb3 Rg2 72. Kf3 Kc4 73. Re3 Rb2 74. Nc5 Bxc5
75. dxc5 Kxc5 76. Rxe6 Rd2 77. Rxg6 b3 78. Rg8 b2 79. Rb8 Kc4 80. Ke3 Rd3+ 81.
Ke2 Rb3 0-1

[Event "World Rapid 2019"]
[Site "Moscow RUS"]
[Date "2019.12.26"]
[Round "5.51"]
[White "Kryakvin, Dmitry"]
[Black "Sjugirov, Sanan"]
[Result "0-1"]
[WhiteTitle "GM"]
[BlackTitle "GM"]
[WhiteElo "2596"]
[BlackElo "2665"]
[WhiteFideId "4153278"]
[BlackFideId "4189302"]
[EventDate "2019.12.26"]
[EventType "rapid"]

1. d4 Nf6 2. c4 e6 3. Nf3 d5 4. Bg5 Nbd7 5. e3 h6 6. Bh4 Be7 7. Nc3 O-O 8. Qc2
c5 9. cxd5 Nxd5 10. Bxe7 Nxe7 11. Rd1 Qa5 12. Be2 Nd5 13. O-O Nxc3 14. Qxc3 Qxc3
15. bxc3 b6 16. Bb5 cxd4 17. cxd4 Nf6 18. Rc1 Bb7 19. Bc6 Bxc6 20. Rxc6 Rfc8 21.
Rfc1 Rxc6 22. Rxc6 Nd5 23. a3 Ne7 24. Rd6 Rc8 25. g4 Rc7 26. Kg2 Nc6 27. d5 exd5
28. Rxd5 Kf8 29. Nd4 Nxd4 30. Rxd4 Ke7 31. a4 a6 32. Kf3 b5 33. h4 Ke6 34. Rd8
Rb7 35. axb5 axb5 36. Ke2 b4 37. Kd2 b3 38. Kc1 b2+ 39. Kb1 Rb4 40. f3 Rb3 41.
Re8+ Kd7 42. Re4 g6 43. Rf4 Ke7 44. Re4+ Kf8 45. h5 gxh5 46. gxh5 Kg7 47. Rf4
Rxe3 48. Kxb2 Re5 49. Rh4 Rf5 50. Kc3 Rxf3+ 51. Kd4 Kf6 52. Ke4 Kg5 53. Rh1 Rf4+
54. Ke5 f6+ 55. Kd5 f5 56. Rg1+ Rg4 57. Rh1 Rg3 58. Ke6 f4 59. Rb1 Re3+ 60. Kf7
Kxh5 61. Kf6 Kg4 0-1

[Event "World Rapid 2019"]
[Site "Moscow RUS"]
[Date "2019.12.26"]
[Round "5.52"]
[White "Can, Emre"]
[Black "Cheparinov, Ivan"]
[Result "1/2-1/2"]
[WhiteTitle "GM"]
[BlackTitle "GM"]
[WhiteElo "2600"]
[BlackElo "2687"]
[WhiteFideId "6302181"]
[BlackFideId "2905540"]
[EventDate "2019.12.26"]
[EventType "rapid"]

1. d4 Nf6 2. c4 g6 3. Nc3 d5 4. Nf3 Bg7 5. Qb3 dxc4 6. Qxc4 O-O 7. e4 Nc6 8. h3
e5 9. dxe5 Nd7 10. Be3 Ndxe5 11. Nxe5 Nxe5 12. Qa4 c6 13. Rd1 Qe7 14. Be2 a5 15.
O-O Be6 16. Qc2 b5 17. f4 Nc4 18. Bxc4 Bxc4 19. Rfe1 Rad8 20. b3 Be6 21. Ne2 Qc7
22. Rc1 Rfe8 23. Qxc6 Qxc6 24. Rxc6 Bd5 25. exd5 Rxe3 26. Kf2 Rd3 27. Rc5 R3xd5
28. Rxd5 Rxd5 29. Ke3 Bb2 30. Rb1 Ba3 31. Nc3 Bc5+ 32. Ke2 Rd4 33. Rf1 Bb4 34.
Nxb5 Rd2+ 35. Kf3 Rxa2 36. Rf2 Ra1 37. Ke4 Rb1 38. Rf3 f5+ 39. Kd5 h5 40. g4
hxg4 41. hxg4 fxg4 42. Rg3 Kf7 43. Nd4 Rd1 44. Ke4 Re1+ 45. Kd5 Kf6 46. Rxg4 Re3
47. Rg2 Bc3 48. Nc6 Be1 49. Ne5 Rxb3 50. Rxg6+ Kf5 51. Rg1 Bb4 52. Nc6 Rd3+ 53.
Kc4 Rc3+ 54. Kb5 1/2-1/2

[Event "World Rapid 2019"]
[Site "Moscow RUS"]
[Date "2019.12.26"]
[Round "5.53"]
[White "Demchenko, Anton"]
[Black "Vishnu Prasanna, V"]
[Result "1/2-1/2"]
[WhiteTitle "GM"]
[BlackTitle "GM"]
[WhiteElo "2642"]
[BlackElo "2493"]
[WhiteFideId "4160258"]
[BlackFideId "5030692"]
[EventDate "2019.12.26"]
[EventType "rapid"]

1. d4 Nf6 2. Nf3 g6 3. Bf4 Bg7 4. c3 O-O 5. Nbd2 d6 6. e4 Nc6 7. Qc2 b6 8. Be2
Bb7 9. Rd1 Nh5 10. Be3 e5 11. dxe5 dxe5 12. O-O Nf4 13. Bxf4 exf4 14. Bc4 Ne5
15. Nxe5 Bxe5 16. Nf3 Qe7 17. Qa4 c6 18. Qb3 Bc7 19. a4 Rad8 20. e5 Rxd1 21.
Rxd1 Bc8 22. h3 Kg7 23. Re1 Rd8 24. e6 f6 25. Qc2 Bb7 26. Qe2 c5 27. h4 Bb8 28.
h5 f5 29. Rd1 Rxd1+ 30. Qxd1 Qd6 31. Qe2 Kf6 32. hxg6 hxg6 33. Nh4 Qe5 34. Qd1
Bd6 35. Nf3 Bxf3 36. gxf3 g5 37. Kf1 Kg6 38. Bb3 Kh5 39. Qd3 g4 40. Kg2 Kg5 41.
Ba2 Be7 42. Bb3 1/2-1/2

[Event "World Rapid 2019"]
[Site "Moscow RUS"]
[Date "2019.12.26"]
[Round "5.54"]
[White "Lobanov, Sergei"]
[Black "Najer, Evgeniy"]
[Result "0-1"]
[WhiteTitle "IM"]
[BlackTitle "GM"]
[WhiteElo "2504"]
[BlackElo "2661"]
[WhiteFideId "24183750"]
[BlackFideId "4118987"]
[EventDate "2019.12.26"]
[EventType "rapid"]

1. e4 e5 2. Nf3 Nc6 3. Bc4 Bc5 4. c3 Nf6 5. d3 d6 6. a4 a5 7. O-O O-O 8. h3 h6
9. Re1 Ba7 10. Na3 Ne7 11. Bb3 Ng6 12. d4 Re8 13. Bc2 Be6 14. Be3 Qc8 15. Kh2 c6
16. Qd2 Bb8 17. dxe5 d5 18. exd5 Bxd5 19. Bf4 Nh5 20. Bg3 Nxg3 21. Bxg6 fxg6 22.
fxg3 g5 23. Nc2 g4 24. hxg4 Qxg4 25. Qf4 Qh5+ 26. Qh4 Bxf3 27. gxf3 Qxf3 28. Nd4
Qf2+ 29. Kh3 Bxe5 30. Re2 Qf7 31. Rae1 Bf6 32. Qg4 Rxe2 33. Rxe2 Bxd4 34. cxd4
Rd8 35. Kh2 Rd5 36. Kg2 Rg5 37. Qe4 Qb3 38. Qf3 Qf7 39. Qxf7+ Kxf7 40. Re3 Rd5
41. Rb3 Rd7 42. d5 cxd5 43. Rb5 d4 44. Kf2 d3 45. Ke1 d2+ 46. Kd1 g5 47. Rxa5
Kg6 48. Rc5 h5 49. Rc4 Kf5 50. a5 h4 51. gxh4 g4 52. Rc8 g3 53. Rg8 Kf4 54. b4
Kf3 55. h5 g2 56. h6 Kf2 57. Rf8+ Kg3 58. Rg8+ Kh2 59. h7 Rxh7 60. Kxd2 Rh3 0-1

[Event "World Rapid 2019"]
[Site "Moscow RUS"]
[Date "2019.12.26"]
[Round "5.55"]
[White "Vastrukhin, Oleg"]
[Black "Popov, Ivan RUS"]
[Result "0-1"]
[WhiteTitle "IM"]
[BlackTitle "GM"]
[WhiteElo "2428"]
[BlackElo "2636"]
[WhiteFideId "4192770"]
[BlackFideId "4170350"]
[EventDate "2019.12.26"]
[EventType "rapid"]

1. Nf3 d5 2. g3 Nc6 3. d4 Bg4 4. Bg2 Qd7 5. O-O Bh3 6. Ne5 Nxe5 7. dxe5 Bxg2 8.
Kxg2 e6 9. c4 O-O-O 10. cxd5 exd5 11. Nd2 f6 12. Nf3 fxe5 13. Nxe5 Qe6 14. Nf3
Nf6 15. Bg5 Be7 16. Rc1 Kb8 17. Nd4 Qd7 18. Bf4 Bd6 19. Qb3 Rc8 20. Bxd6 Qxd6
21. Rc6 Qe5 22. e3 Ka8 23. Re6 Qh5 24. Qa4 c6 25. Nxc6 Rxc6 26. Rxc6 Qe8 27.
Rfc1 bxc6 28. Rxc6 Qd7 29. Qc2 Kb7 30. Rc3 Rc8 31. Rb3+ Ka8 32. Qd3 Ne4 33. Qb5
Qxb5 34. Rxb5 Rc2 35. Rxd5 Rxf2+ 36. Kg1 Rxb2 37. Rd8+ Kb7 38. Rd7+ Kb6 39. Rxg7
Rxa2 40. Rxh7 a5 41. g4 a4 42. Rh8 a3 43. Ra8 Nc5 44. g5 Na6 45. Rd8 Ra1+ 46.
Kf2 a2 47. Rd2 Rf1+ 0-1

[Event "World Rapid 2019"]
[Site "Moscow RUS"]
[Date "2019.12.26"]
[Round "5.57"]
[White "Pogosyan, Stefan"]
[Black "Grigoriants, Sergey"]
[Result "1/2-1/2"]
[WhiteTitle "IM"]
[BlackTitle "GM"]
[WhiteElo "2459"]
[BlackElo "2542"]
[WhiteFideId "34159867"]
[BlackFideId "4130804"]
[EventDate "2019.12.26"]
[EventType "rapid"]

1. d4 Nf6 2. c4 e6 3. Nf3 d5 4. Nc3 c5 5. cxd5 Nxd5 6. e4 Nxc3 7. bxc3 cxd4 8.
cxd4 Bb4+ 9. Bd2 Bxd2+ 10. Qxd2 O-O 11. Bc4 Nd7 12. O-O b6 13. Rad1 Bb7 14. d5
exd5 15. exd5 Qf6 16. Rfe1 Rad8 17. Qd4 Rfe8 18. Rxe8+ Rxe8 19. Bb5 Rd8 20. Bc6
Nc5 21. Qxf6 gxf6 22. Nd4 Ba6 23. f3 Kf8 24. a3 Nd3 25. Bb5 Bxb5 26. Nxb5 Rxd5
27. Nxa7 Nf4 28. Rxd5 1/2-1/2

[Event "World Rapid 2019"]
[Site "Moscow RUS"]
[Date "2019.12.26"]
[Round "5.59"]
[White "Kobalia, Mikhail"]
[Black "Harsha, Bharathakoti"]
[Result "1-0"]
[WhiteTitle "GM"]
[BlackTitle "GM"]
[WhiteElo "2609"]
[BlackElo "2523"]
[WhiteFideId "4119150"]
[BlackFideId "5078776"]
[EventDate "2019.12.26"]
[EventType "rapid"]

1. e4 c5 2. Nf3 d6 3. Bb5+ Nd7 4. O-O a6 5. Bd3 Ngf6 6. c3 b5 7. Bc2 c4 8. b3
Bb7 9. Qe2 Qc7 10. bxc4 bxc4 11. Na3 Rc8 12. Rb1 d5 13. e5 Ne4 14. Nxc4 e6 15.
Nd4 Ba8 16. Ne3 Nxe5 17. Qxa6 Nc5 18. Qe2 Ng6 19. Qb5+ Qd7 20. f4 Bd6 21. f5 Ne5
22. fxe6 fxe6 23. Ba3 Nb7 24. Qa6 Ke7 25. Rxb7 Bxb7 26. Bxd6+ 1-0

[Event "World Rapid 2019"]
[Site "Moscow RUS"]
[Date "2019.12.26"]
[Round "5.60"]
[White "Indjic, Aleksandar"]
[Black "Sadhwani, Raunak"]
[Result "0-1"]
[WhiteTitle "GM"]
[BlackTitle "IM"]
[WhiteElo "2619"]
[BlackElo "2507"]
[WhiteFideId "911925"]
[BlackFideId "35093487"]
[EventDate "2019.12.26"]
[EventType "rapid"]

1. e4 e5 2. Nf3 Nc6 3. Nc3 Nf6 4. Bb5 Bb4 5. O-O O-O 6. Bxc6 dxc6 7. d3 Nd7 8.
Ne2 Bd6 9. b3 Nc5 10. Bb2 f6 11. Nd2 Ne6 12. Nc4 Bc5 13. Kh1 a5 14. a4 b6 15. f4
exf4 16. Nxf4 Nxf4 17. Rxf4 Be6 18. Qe2 Bxc4 19. bxc4 Bd4 20. c3 Be5 21. Rf5 c5
22. d4 Bd6 23. g4 Qd7 24. g5 Rae8 25. Qg4 g6 26. gxf6 Rxe4 27. Qxe4 Qxf5 28.
Qxf5 gxf5 29. Ba3 Rxf6 30. dxc5 bxc5 31. Rb1 Rh6 32. Rb5 Rxh2+ 33. Kg1 Ra2 34.
Bxc5 Rxa4 35. Bxd6 cxd6 36. Rxf5 Rxc4 37. Rxa5 Rxc3 38. Rd5 Rg3+ 39. Kf2 Rg6 40.
Rh5 h6 41. Kf3 Kf7 42. Kf4 Rf6+ 43. Ke4 Kg6 44. Rd5 h5 45. Ke3 h4 46. Ke2 Kg7
47. Rd3 Rh6 48. Kf2 h3 49. Kg1 h2+ 50. Kh1 Kf7 51. Re3 Kf6 52. Re2 Kf5 53. Re1
d5 54. Rf1+ Ke4 55. Re1+ Kf4 56. Rd1 Rh5 57. Rf1+ 0-1

[Event "World Rapid 2019"]
[Site "Moscow RUS"]
[Date "2019.12.26"]
[Round "5.61"]
[White "Petrosyan, Manuel"]
[Black "Savchenko, Boris"]
[Result "1-0"]
[WhiteTitle "GM"]
[BlackTitle "GM"]
[WhiteElo "2613"]
[BlackElo "2577"]
[WhiteFideId "13300857"]
[BlackFideId "4147332"]
[EventDate "2019.12.26"]
[EventType "rapid"]

1. d4 d5 2. Nf3 e6 3. c4 a6 4. cxd5 exd5 5. Nc3 c6 6. Bf4 Nf6 7. e3 Bf5 8. Qb3
Ra7 9. Be2 Nbd7 10. h3 Qb6 11. Nd2 Be7 12. O-O O-O 13. Rac1 h6 14. Rfd1 Qd8 15.
Na4 Re8 16. Bd3 Bxd3 17. Qxd3 Bb4 18. Nc3 Nb6 19. a3 Bd6 20. Ne2 Nc8 21. Re1 a5
22. Bg3 a4 23. Bh4 Be7 24. f3 Nd7 25. Bf2 Bg5 26. Nc3 Nd6 27. Rcd1 Bh4 28. g3
Be7 29. e4 Nb6 30. Re2 Bf8 31. e5 Ndc4 32. Nf1 Ra5 33. f4 c5 34. Nh2 cxd4 35.
Bxd4 Bc5 36. Nf3 Bxd4+ 37. Nxd4 Qd7 38. Kh2 Raa8 39. Qf5 Qe7 40. Qg4 Kh7 41. Nf5
Qf8 42. Nxd5 Nxd5 43. Rxd5 Rad8 44. Qf3 g6 45. Nd4 Qe7 46. e6 Nb6 47. Rxd8 Rxd8
48. exf7 Qxf7 49. Qe4 Rd7 50. h4 Qd5 51. Qxd5 Nxd5 52. Nf3 Nf6 53. Kg2 Rc7 54.
Ne5 h5 55. Kf3 Rc1 56. Rd2 Kg7 57. Rd6 Rc7 58. Rb6 Re7 59. Rb4 Nd7 60. Nxd7 Rxd7
61. Ke3 Kf6 62. Rxa4 b5 63. Rb4 Rd5 64. Re4 Rd1 65. Re5 b4 66. axb4 Rb1 67. Kd4
Rxb2 68. Kc5 Rc2+ 69. Kb6 Rc3 70. Rg5 1-0

[Event "World Rapid 2019"]
[Site "Moscow RUS"]
[Date "2019.12.26"]
[Round "5.62"]
[White "Tari, Aryan"]
[Black "Gurvich, Vitaly"]
[Result "1-0"]
[WhiteTitle "GM"]
[BlackTitle "FM"]
[WhiteElo "2634"]
[BlackElo "2230"]
[WhiteFideId "1510045"]
[BlackFideId "24164852"]
[EventDate "2019.12.26"]
[EventType "rapid"]

1. e4 c6 2. d4 d5 3. exd5 cxd5 4. Bd3 Nc6 5. c3 Nf6 6. h3 g6 7. Nf3 Bg7 8. Qc2
O-O 9. O-O Bd7 10. Bf4 Rc8 11. Qd2 Ne4 12. Qe2 Bf5 13. Na3 Nd6 14. Rae1 Bxd3 15.
Qxd3 e6 16. Nc2 b5 17. Ne5 a6 18. Qg3 Nf5 19. Qf3 Nd6 20. Nxc6 Rxc6 21. Nb4 Rb6
22. Nd3 a5 23. a3 Nc4 24. Qg3 Rc6 25. Re2 a4 26. Rfe1 Qd7 27. h4 f6 28. Qh3 Re8
29. Nc5 Rxc5 30. dxc5 Kf7 31. h5 Qc8 32. Bd6 f5 33. g4 Nxd6 34. cxd6 e5 35. Qd3
Qc4 36. Qxc4 bxc4 37. Rd1 Ke6 38. Red2 d4 39. cxd4 e4 40. Rc2 Kxd6 41. Rxc4 Rb8
42. hxg6 hxg6 43. Rxa4 f4 44. Ra7 Bh8 45. b4 Rf8 46. d5 e3 47. Ra6+ Kd7 48. Re6
Ra8 49. fxe3 Rxa3 50. exf4 Rg3+ 51. Kf2 Rxg4 52. Kf3 Rh4 53. Rxg6 1-0

[Event "World Rapid 2019"]
[Site "Moscow RUS"]
[Date "2019.12.26"]
[Round "5.63"]
[White "Tsoi, Dmitry"]
[Black "Bluebaum, Matthias"]
[Result "1/2-1/2"]
[WhiteTitle "FM"]
[BlackTitle "GM"]
[WhiteElo "2321"]
[BlackElo "2644"]
[WhiteFideId "24194697"]
[BlackFideId "24651516"]
[EventDate "2019.12.26"]
[EventType "rapid"]

1. f4 d5 2. Nf3 g6 3. e3 Bg7 4. d4 Nf6 5. Bd3 O-O 6. O-O c5 7. c3 b6 8. Qe2 a5
9. a4 Ba6 10. Ne5 Bxd3 11. Nxd3 Nbd7 12. Nd2 Qc7 13. b3 cxd4 14. cxd4 Qc2 15.
Nf2 Rfc8 16. Ba3 Bf8 17. Rac1 Qa2 18. Ra1 Qc2 19. Rac1 Qa2 20. Ra1 Qc2 21. Rfc1
Qf5 22. g4 Qe6 23. Qf3 Ne4 24. Nfxe4 dxe4 25. Qxe4 Qxg4+ 26. Qg2 Qe6 27. Nc4 Nf6
28. Rf1 Rab8 29. f5 Qe4 30. fxg6 Qxg2+ 31. Kxg2 hxg6 32. Kf3 Nd7 33. Ke2 b5 34.
Nxa5 bxa4 35. bxa4 Rc2+ 36. Kd3 Rxh2 37. Rfb1 Rc8 38. Rc1 Ra8 39. Nc6 Rxa4 40.
Nxe7+ Bxe7 41. Bxe7 Rxa1 42. Rxa1 f5 43. Ra7 Nb6 44. Bd8 Nd5 45. Rd7 Nb4+ 46.
Kc4 Nc2 47. Kd3 Ne1+ 48. Kc4 Nc2 49. Re7 Rh3 50. e4 fxe4 51. Rxe4 Kf7 52. Bg5
Rg3 53. Bd2 Na3+ 54. Kc5 Rd3 55. Bg5 Rc3+ 56. Kb4 Rg3 57. Bd2 Nc2+ 58. Kc4 Na3+
59. Kc5 Rd3 60. Bf4 Rc3+ 61. Kb4 Rd3 62. Kc5 Rc3+ 63. Kd5 Nb5 64. Ke5 Rc8 65.
Bg5 Re8+ 66. Kf4 Rxe4+ 67. Kxe4 Ke6 68. d5+ Kd7 69. Ke5 Nc3 70. Kf6 Ne4+ 71.
Kxg6 Nxg5 72. Kxg5 Kd6 73. Kg4 Kxd5 1/2-1/2

[Event "World Rapid 2019"]
[Site "Moscow RUS"]
[Date "2019.12.26"]
[Round "5.64"]
[White "Sethuraman, S.P."]
[Black "Blohberger, Felix"]
[Result "1-0"]
[WhiteTitle "GM"]
[BlackTitle "IM"]
[WhiteElo "2638"]
[BlackElo "2434"]
[WhiteFideId "5021596"]
[BlackFideId "1632051"]
[EventDate "2019.12.26"]
[EventType "rapid"]

1. e4 e5 2. Nf3 Nf6 3. Nxe5 d6 4. Nf3 Nxe4 5. Nc3 Nxc3 6. dxc3 Be7 7. Be3 Nc6 8.
Bd3 Be6 9. Qe2 Qd7 10. O-O-O O-O 11. Kb1 Rfe8 12. h3 Bf5 13. g4 Bxd3 14. Qxd3
Qe6 15. Rhe1 a6 16. Bf4 Qf6 17. Bg3 Bf8 18. Qd5 Re6 19. Ng5 Re7 20. Ne4 Qe6 21.
Qd2 Qg6 22. f4 f5 23. Ng5 h6 24. Qd5+ Kh8 25. gxf5 Qh5 26. Ne6 Rf7 27. Qb3 Rb8
28. f6 Rxf6 29. Nxc7 Qxh3 30. Nd5 Rg6 31. Bf2 Rg2 32. Bb6 Rc8 33. Qa4 Qh5 34.
Qe4 Qg4 35. Ne3 1-0

[Event "World Rapid 2019"]
[Site "Moscow RUS"]
[Date "2019.12.26"]
[Round "5.65"]
[White "Murzin, Volodar"]
[Black "Jumabayev, Rinat"]
[Result "1-0"]
[WhiteTitle "IM"]
[BlackTitle "GM"]
[WhiteElo "2442"]
[BlackElo "2646"]
[WhiteFideId "44155573"]
[BlackFideId "13702661"]
[EventDate "2019.12.26"]
[EventType "rapid"]

1. e4 c5 2. Nf3 Nc6 3. Bb5 g6 4. Bxc6 dxc6 5. d3 Bg7 6. O-O Qc7 7. Nbd2 e5 8. a4
Nh6 9. Nc4 f6 10. Be3 Qe7 11. h3 Nf7 12. Nfd2 O-O 13. a5 Rb8 14. b4 cxb4 15.
Bxa7 Ra8 16. Be3 Be6 17. Qe2 Rfe8 18. Nb3 f5 19. f3 Bf8 20. Nc5 Bxc4 21. dxc4
Qc7 22. Nb3 Nd6 23. c5 Nf7 24. Qc4 f4 25. Bf2 g5 26. Rad1 h5 27. Rd3 Rad8 28.
Rfd1 Kg7 29. Qxb4 Qc8 30. Rxd8 Rxd8 31. Rxd8 Nxd8 32. Qc3 Nf7 33. Nd2 Be7 34.
Nc4 Qe6 35. Qb3 g4 36. hxg4 hxg4 37. fxg4 Qxg4 38. Qd3 Bf6 39. Nd6 Ng5 40. Kf1
Kg6 41. Nxb7 f3 42. gxf3 Nxf3 43. Nd6 Bh4 44. Bxh4 Qg1+ 45. Ke2 Nd4+ 46. Kd2
Qh2+ 47. Kc3 Qxh4 48. Kb2 Qe1 49. Qc4 Qxa5 50. c3 Nb5 51. Nxb5 cxb5 52. Qe6+ Kh7
53. Qb6 Qa4 54. c6 Qc4 55. Qc7+ Kg6 56. Qd6+ Kh7 57. Qd5 1-0

[Event "World Rapid 2019"]
[Site "Moscow RUS"]
[Date "2019.12.26"]
[Round "5.66"]
[White "Yilmaz, Mustafa"]
[Black "Anton Guijarro, David"]
[Result "0-1"]
[WhiteTitle "GM"]
[BlackTitle "GM"]
[WhiteElo "2604"]
[BlackElo "2685"]
[WhiteFideId "6302718"]
[BlackFideId "2285525"]
[EventDate "2019.12.26"]
[EventType "rapid"]

1. d4 f5 2. c4 Nf6 3. Nf3 g6 4. Nc3 Bg7 5. e3 O-O 6. Be2 e6 7. b4 d6 8. O-O Qe7
9. Qb3 a5 10. b5 Nbd7 11. Ba3 b6 12. Rfd1 Bb7 13. Ne5 Nxe5 14. dxe5 Ng4 15. exd6
Qh4 16. Bxg4 fxg4 17. Rd2 Be5 18. g3 Qf6 19. Rc1 Bxc3 20. Qxc3 Qf3 21. Kf1 Be4
22. Re1 cxd6 23. Qd4 Rad8 24. Bc1 Rd7 25. Qxb6 Rdf7 26. Qd4 Qh1+ 27. Ke2 Rxf2+
28. Kd1 Qxe1+ 29. Kxe1 Rf1+ 30. Ke2 R8f2# 0-1

[Event "World Rapid 2019"]
[Site "Moscow RUS"]
[Date "2019.12.26"]
[Round "5.67"]
[White "Guliyev, Namig"]
[Black "Christiansen, Johan-Sebastian"]
[Result "1/2-1/2"]
[WhiteTitle "GM"]
[BlackTitle "GM"]
[WhiteElo "2548"]
[BlackElo "2597"]
[WhiteFideId "13400363"]
[BlackFideId "1512668"]
[EventDate "2019.12.26"]
[EventType "rapid"]

1. e4 e6 2. d4 d5 3. Nc3 Nf6 4. e5 Nfd7 5. f4 c5 6. Nf3 Nc6 7. Be3 Be7 8. Qd2
O-O 9. Be2 b6 10. Nd1 cxd4 11. Nxd4 Nxd4 12. Bxd4 Nb8 13. Ne3 Nc6 14. c3 b5 15.
O-O b4 16. Kh1 bxc3 17. bxc3 Qa5 18. Qd3 Rb8 19. f5 f6 20. exf6 Bxf6 21. Bxf6
Rxf6 22. fxe6 Rxf1+ 23. Rxf1 Bxe6 24. Bg4 Bxg4 25. Nxg4 Qc5 26. h3 Qd6 27. Ne3
Rd8 28. Rd1 Ne7 29. Qd4 Qa3 30. Qe5 Qd6 31. Qd4 Qa3 32. Qg4 Kh8 33. Qe6 Qd6 34.
Qxd6 Rxd6 35. Rd4 h6 36. c4 Re6 37. Nxd5 Nc6 38. Rd2 Re1+ 39. Kh2 Rc1 40. Ne3
Rc3 41. Nf5 Rxc4 42. Rd7 Rc2 43. Rxg7 Rxa2 44. Rg6 Ne5 45. Rxh6+ Kg8 46. Re6 Nd3
47. Kg3 Rxg2+ 48. Kf3 Rf2+ 49. Kg4 Kf7 50. Re3 Nc5 51. Nd6+ Kg6 52. h4 Rg2+ 53.
Kh3 Rd2 54. Nc4 Rd4 55. Ne5+ Kf5 56. Nc6 Rd3 57. Rxd3 Nxd3 58. Nxa7 Nf4+ 59. Kg3
Ng6 60. Nb5 Nxh4 61. Kxh4 1/2-1/2